000
00269nam a2200109Ia 4500
001
588588
005
20250717120834.0
008
250717s9999 xx 000 0 und d
245
0
_a
V-4 KAHRAMAN ALACA
_c
ZEYNEP YEŞİLMEN
260
_b
ERDEM YAYINLARI
_c
2019
300
_b
95
999
_c
588588
_d
588588